Score 0/10 Timer 04:00
0 Plays Today
City % Correct
Baltimore
100%
Columbia
87.5%
Frederick
87.5%
Rockville
75%
Silver Spring
68.8%
Gaithersburg
68.8%
Germantown
43.8%
Ellicott City
37.5%
Waldorf
25%
Glen Burnie
25%

You're not logged in!

Compare scores with friends on all Sporcle quizzes.
OR
Log In

Sporcle TV

Today on Sporcle TV


Watch our educational content, quiz creation guides, and fun videos on Sporcle TV.

Show Comments

Extras

Top Quizzes Today


Score Distribution

Paid Content

Your Account Isn't Verified!

In order to create a playlist on Sporcle, you need to verify the email address you used during registration. Go to your Sporcle Settings to finish the process.

Report this User

Report this user for behavior that violates our Community Guidelines.

Details: